Tough Choices: TV Edition Quiz Stats

 Plays Quiz Updated Oct 22, 2015

Challenge
Share
Tweet
Embed
Score 0/21 Timer 07:00
8 Plays Today
Column A (Type A if Higher) A or B? % Correct
Brady Bunch children???
93.9%
Golden Girls Main Characters???
91.9%
Lifelines in Who Wants to Be a Millionaire? (original format)???
89.9%
Awards won by Dexter???
79.6%
Seasons of Survivor (US) held in South America???
79.1%
Whose Line Is It Anyway? comedians per episode???
76.4%
Episodes of ER???
74.8%
Division of the Mobile Army Surgical Hospital (M*A*S*H)???
68.3%
Words in 'Soft Kitty' from The Big Bang Theory???
64.2%
Incarnations of a Time Lord, in Doctor Who (BBC)???
63.2%
Regular hosts of The Tonight Show???
62.9%
Column A (Type A if Higher) A or B? % Correct
Spaces on the Wheel of Fortune wheel???
62.4%
Seasons of CSI: Miami???
61.4%
Mrs. Garrett's girls on Facts of Life, as of Season 2???
59.6%
Food Network shows hosted by Rachael Ray???
59.3%
Years Coronation Street has aired new episodes???
57.7%
Legends of the Hidden Temple teams???
53%
Smitty Werbenjagermanjensen's number (SpongeBob SquarePants)???
47.2%
Kingdoms of Westeros in Game of Thrones???
44.5%
Number of Glee club members, originally???
36%
Daytime Emmy Awards won by The Ellen DeGeneres Show???
23.8%

You're not logged in!

Compare scores with friends on all Sporcle quizzes.
OR
Log In

You Might Also Like...

Show Comments

Extras

Top Quizzes Today


Score Distribution

Your Account Isn't Verified!

In order to create a playlist on Sporcle, you need to verify the email address you used during registration. Go to your Sporcle Settings to finish the process.

Report this User

Report this user for behavior that violates our Community Guidelines.

Details: